000 00506nam a2200181Ia 4500
005 20250508162330.0
008 008 250505s9999 xx 000 0 eng d
037 _aTextual
040 _aFEDL
_beng
_cFEDL
041 _aeng
_2eng
084 _a294, PAL
_qFEDL
100 _aPrithipal D.
245 0 _aAdvaita vedanta: Action and contemplation
260 _aVaranasi, India
_bBharatiya Vidya Prakashan
_c1969
300 _avi,144p
942 _cTEXL
_h294, PAL
999 _c1375891
_d1375891